Una trama particular : pedagogía ciudadana, instituciones, proceso histórico y liderazgo; Bogotá 1995-1997.

Guardat en:
Dades bibliogràfiques
Autor principal: Sierra Soler, Edgar Yesid (autor)
Format: Publicació Periòdica
Idioma:espanyol
Matèries:
Accés en línia:Ver documento en línea
Etiquetes: Afegir etiqueta
Sense etiquetes, Sigues el primer a etiquetar aquest registre!

MARC

LEADER 00000cas^a2200000uu^4500
001 000517789
005 20260413000000.0
008 050705s1971^^^^^^^^^^^^r^^r^^000^0^spa^d
009 20260413194603.444
022 |a 01851284 
035 |a FCE 000062018 
035 |a FCE 038203 
037 |a Acervo ITESO - Biblioteca 
041 |a spa 
095 |a RLEE  |b 04-4-11 
100 |a Sierra Soler, Edgar Yesid  |e (autor) 
245 1 4 |a Una trama particular :  |b pedagogía ciudadana, instituciones, proceso histórico y liderazgo; Bogotá 1995-1997. 
264 |a México :  |b Centro de Estudios Educativos,  |c 2004. 
336 |a texto  |b txt  |2 rdacontenido 
337 |a sin mediación  |b n  |2 rdamedio 
338 |a volumen  |b nc  |2 rdasoporte 
649 |a XX 
650 |a Educación cívica 
650 |a Cultura política 
650 |a Educación ciudadana 
650 |a Estudio de casos 
650 |a Estrategias educativas 
650 |a Colombia 
740 |g vol. 34, no. 4, 2004, pp. 11-68  |t Revista Latinoamericana de Estudios Educativos. Artículos y Ensayos, 
856 4 0 |u https://www.cee.edu.mx/rlee/revista/r2001_2010/r_texto/t_2004_4_02.pdf  |y Ver documento en línea 
910 |a Fondo Centro de Estudios Educativos 
920 |a Impresos - Libros 
930 |a Fondos Especiales 
905 |a 133 
902 |a https://opac.biblio.iteso.mx/vufind/Record/000517789